[Event "Titled Tuesday intern op 12th Sep Early"]
[Site "Chess.com INT"]
[Date "2023.09.12"]
[Round "1"]
[White "Terry, Renato"]
[Black "Dev, Shah"]
[Result "1-0"]
[WhiteElo "2520"]
[BlackElo "2334"]
[PlyCount "153"]
[EventDate "2023.09.12"]
[EventType "swiss (blitz)"]
[EventRounds "11"]
[EventCountry "USA"]
[SourceTitle "EXT 2024"]
[Source "ChessBase"]
[SourceDate "2023.10.10"]
[SourceVersion "1"]
[SourceVersionDate "2023.10.10"]
[SourceQuality "1"]

1. d4 d5 2. Nf3 Nf6 3. c4 c6 4. Nc3 e6 5. Bg5 Nbd7 6. e3 Qa5 7. Bxf6 Nxf6 8. Nd2 Bb4 9. Qc2 0-0 10. Bd3 Bxc3 11. bxc3 Re8 12. 0-0 e5 13. cxd5 cxd5 14. Rab1 e4 15. Be2 Qc7 16. Rfc1 Bg4 17. Bf1 Be6 18. h3 Rac8 19. c4 dxc4 20. Bxc4 Bxc4 21. Nxc4 a6 22. a4 Re6 23. d5 Nxd5 24. Qd2 Rc6 25. Qxd5 Rxc4 26. Rxc4 Qxc4 27. Qxb7 h6 28. a5 Rd8 29. Rb6 Rd1+ 30. Kh2 Rd2 31. Qb8+ Kh7 32. Qf4 Qd5 33. Rxa6 Ra2 34. Ra7 Kg8 35. a6 Qe6 36. Ra8+ Kh7 37. a7 Qd7 38. Qxe4+ f5 39. Qd4 Qc7+ 40. Qf4 Qd7 41. Rf8 Rxa7 42. Qxf5+ Qxf5 43. Rxf5 Kg6 44. Rf4 Ra5 45. Kg3 h5 46. h4 Kh6 47. Kf3 g6 48. Rf7 Ra2 49. g3 Ra8 50. e4 Re8 51. Kf4 Re6 52. f3 Rd6 53. Rc7 Rf6+ 54. Ke3 Re6 55. Rc3 Kg7 56. Kd4 Kf6 57. f4 Rd6+ 58. Ke3 Rd1 59. Rd3 Re1+ 60. Kd4 Ke6 61. Rb3 Rd1+ 62. Ke3 Rd6 63. Rb5 Rc6 64. f5+ gxf5 65. Rxf5 Rc3+ 66. Kf4 Rc1 67. Rxh5 Rf1+ 68. Kg4 Rf8 69. Rf5 Rg8+ 70. Kf4 Rh8 71. h5 Rh6 72. g4 Rh7 73. Re5+ Kf6 74. Ra5 Kg7 75. Ra7+ Kh6 76. Rxh7+ Kxh7 77. g5 1-0

[Event "Titled Tuesday intern op 03rd Jan Early"]
[Site "Chess.com INT"]
[Date "2023.01.03"]
[Round "2"]
[White "Dev, Shah"]
[Black "Kopylov, Alexander A"]
[Result "1-0"]
[WhiteElo "2334"]
[BlackElo "2397"]
[PlyCount "121"]
[EventDate "2023.01.03"]
[EventType "swiss (blitz)"]
[EventRounds "11"]
[EventCountry "USA"]
[SourceTitle "EXT 2024"]
[Source "ChessBase"]
[SourceDate "2023.10.10"]
[SourceVersion "1"]
[SourceVersionDate "2023.10.10"]
[SourceQuality "1"]

1. d4 Nf6 2. c4 e6 3. g3 d5 4. Bg2 Be7 5. Nf3 0-0 6. 0-0 dxc4 7. Qa4 Bd7 8. Qxc4 Bc6 9. Nc3 Nbd7 10. Rd1 a6 11. Ne5 Bxg2 12. Kxg2 c6 13. Nxd7 Qxd7 14. Bf4 Nd5 15. Nxd5 cxd5 16. Qd3 Rac8 17. Rac1 Qa4 18. a3 h6 19. Rxc8 Rxc8 20. Rc1 Rxc1 21. Bxc1 Bf6 22. Be3 h5 23. h4 g6 24. f3 Kf8 25. Bf2 Qc6 26. e4 Bd8 27. e5 Bb6 28. Qb3 Ke8 29. g4 Kd7 30. gxh5 gxh5 31. Qd3 Qc1 32. Qh7 Qf4 33. Qxh5 Bd8 34. Qg4 Qh6 35. h5 Bg5 36. Kh3 Bc1 37. Bg3 Bxb2 38. Bf4 Qh7 39. h6 Bxd4 40. Qg5 Bc5 41. Kg3 Bf8 42. Qf6 d4 43. Bg5 Kc6 44. Qd8 Bc5 45. Qc8+ Kd5 46. Qxb7+ Kc4 47. Qxa6+ Kd5 48. Qb7+ Kc4 49. Qe4 Kc3 50. Qxh7 d3 51. Qxd3+ Kxd3 52. h7 Bf2+ 53. Kxf2 Kd4 54. h8Q f5 55. exf6 Kc3 56. f7+ Kb3 57. f8Q e5 58. Qb4+ Ka2 59. Qc8 Ka1 60. Qc1+ Ka2 61. Qcb2# 1-0

[Event "Titled Tuesday intern op 03rd Jan Early"]
[Site "Chess.com INT"]
[Date "2023.01.03"]
[Round "1"]
[White "Osiecki, Stanislaw"]
[Black "Dev, Shah"]
[Result "0-1"]
[WhiteElo "2055"]
[BlackElo "2334"]
[PlyCount "64"]
[EventDate "2023.01.03"]
[EventType "swiss (blitz)"]
[EventRounds "11"]
[EventCountry "USA"]
[SourceTitle "EXT 2024"]
[Source "ChessBase"]
[SourceDate "2023.10.10"]
[SourceVersion "1"]
[SourceVersionDate "2023.10.10"]
[SourceQuality "1"]

1. e4 e5 2. Nf3 Nc6 3. Bb5 a6 4. Bxc6 dxc6 5. 0-0 Bg4 6. h3 h5 7. d3 Qf6 8. Be3 Bxf3 9. Qxf3 Qxf3 10. gxf3 Bd6 11. Nd2 Ne7 12. Rfb1 g5 13. Kf1 f6 14. Ke2 Kd7 15. c4 c5 16. Nb3 b6 17. a4 a5 18. Nc1 Nc6 19. Na2 Rag8 20. Nc3 Nd4+ 21. Bxd4 exd4 22. Nd5 Ke6 23. f4 c6 24. f5+ Kf7 25. Nxb6 Rb8 26. Nd7 Rb7 27. Nxf6 Kxf6 28. Kd2 g4 29. hxg4 hxg4 30. Rg1 Rxb2+ 31. Kc1 Rxf2 32. Rxg4 Rh1+ 0-1

[Event "Budapest SixDays 09 IM"]
[Site "Budapest"]
[Date "2022.09.16"]
[Round "2"]
[White "Szeberenyi, Adam"]
[Black "Dev, Shah"]
[Result "1/2-1/2"]
[WhiteElo "2320"]
[BlackElo "2314"]
[PlyCount "35"]
[EventDate "2022.09.15"]
[EventType "tourn"]
[EventRounds "9"]
[EventCountry "HUN"]
[EventCategory "2"]
[SourceTitle "CBM 210 Extra"]
[Source "ChessBase"]
[SourceDate "2022.11.30"]
[SourceVersion "1"]
[SourceVersionDate "2022.11.30"]
[SourceQuality "1"]

1. d4 d5 2. c4 c6 3. cxd5 cxd5 4. Nc3 Nf6 5. Bf4 Nc6 6. e3 a6 7. Bd3 Bg4 8. Nge2 e6 9. 0-0 Bd6 10. f3 Bh5 11. Rc1 0-0 12. Na4 e5 13. dxe5 Nxe5 14. Nd4 Bg6 15. Be2 h6 16. Nc5 Qe7 17. b4 Rad8 18. Qb3 1/2-1/2

[Event "Titled Tuesday intern op 13th Sep Late"]
[Site "Chess.com INT"]
[Date "2022.09.13"]
[Round "1"]
[White "Dev, Shah"]
[Black "Fernandez Siles, Luis"]
[Result "1-0"]
[WhiteElo "2314"]
[BlackElo "2220"]
[PlyCount "85"]
[EventDate "2022.09.13"]
[EventType "swiss (blitz)"]
[EventRounds "11"]
[EventCountry "USA"]
[SourceTitle "EXT 2023"]
[Source "ChessBase"]
[SourceDate "2022.10.05"]
[SourceVersion "1"]
[SourceVersionDate "2022.10.05"]
[SourceQuality "1"]

1. d4 Nf6 2. c4 g6 3. Nc3 Bg7 4. e4 d6 5. Be2 0-0 6. Be3 Nbd7 7. h4 c5 8. d5 b5 9. cxb5 a6 10. h5 axb5 11. hxg6 fxg6 12. Qc1 b4 13. Nd1 Nxe4 14. Bh6 Bd4 15. Bxf8 Qxf8 16. Nf3 Bg7 17. Qc2 Ndf6 18. Bd3 b3 19. Qxb3 Bg4 20. Be2 Rb8 21. Qc2 Bf5 22. Bd3 c4 23. Qxc4 Rc8 24. Qb4 Nc5 25. Bxf5 gxf5 26. Qh4 Nd3+ 27. Ke2 Nc5 28. Ne3 Nce4 29. Rac1 Qe8 30. Nd4 Rc5 31. Nexf5 Rxd5 32. Rc8 Qxc8 33. Nxe7+ Kf7 34. Nxc8 Rxd4 35. Qh3 Rd2+ 36. Ke1 d5 37. Nd6+ Ke7 38. Nxe4 Nxe4 39. Qh4+ Bf6 40. Qxh7+ Ke6 41. Qxe4+ dxe4 42. Kxd2 Bxb2 43. Ke3 1-0

[Event "Titled Tuesday intern op 13th Sep Late"]
[Site "Chess.com INT"]
[Date "2022.09.13"]
[Round "5"]
[White "Dev, Shah"]
[Black "Livaic, Leon"]
[Result "0-1"]
[WhiteElo "2314"]
[BlackElo "2565"]
[PlyCount "118"]
[EventDate "2022.09.13"]
[EventType "swiss (blitz)"]
[EventRounds "11"]
[EventCountry "USA"]
[SourceTitle "EXT 2023"]
[Source "ChessBase"]
[SourceDate "2022.10.05"]
[SourceVersion "1"]
[SourceVersionDate "2022.10.05"]
[SourceQuality "1"]

1. d4 e6 2. c4 Nf6 3. Nc3 d5 4. cxd5 exd5 5. Bg5 Be7 6. e3 0-0 7. Bd3 Re8 8. Qc2 h6 9. Bh4 c5 10. Nge2 Nc6 11. 0-0 Nb4 12. Qd2 Nxd3 13. Qxd3 c4 14. Qc2 Be6 15. Nf4 Qd7 16. Nxe6 Qxe6 17. Rae1 Rac8 18. e4 Nxe4 19. Bxe7 Rxe7 20. f3 f5 21. fxe4 fxe4 22. Qf2 Rd8 23. Re3 Qc6 24. Rg3 b5 25. Qe3 b4 26. Ne2 Rc8 27. h4 Rec7 28. h5 c3 29. bxc3 bxc3 30. Qc1 c2 31. Rc3 Qb6 32. Rb3 Qa6 33. Nf4 Rf7 34. Re1 Qxa2 35. Rg3 Qc4 36. Ne6 Kh7 37. Rg6 Rc6 38. Kh2 Rxe6 39. Rxe6 Qc7+ 40. Kh1 Qg3 41. Re3 Qxe3 42. Qxe3 Rf1+ 43. Kh2 c1Q 44. Qxc1 Rxc1 45. Rd6 e3 46. Re6 Rd1 47. Rxe3 Rxd4 48. Re7 Rh4+ 49. Kg3 Rxh5 50. Rxa7 Rg5+ 51. Kf2 Rf5+ 52. Kg1 Kg6 53. Rd7 Kf6 54. Rd6+ Ke5 55. Rd8 Kd4 56. Rd7 Rg5 57. Kf2 Kd3 58. Kf3 d4 59. Kf4 Rxg2 0-1

[Event "Titled Tuesday intern op 13th Sep Late"]
[Site "Chess.com INT"]
[Date "2022.09.13"]
[Round "6"]
[White "Goncalves, Davi Sulzbacher"]
[Black "Dev, Shah"]
[Result "1-0"]
[WhiteElo "2282"]
[BlackElo "2314"]
[PlyCount "47"]
[EventDate "2022.09.13"]
[EventType "swiss (blitz)"]
[EventRounds "11"]
[EventCountry "USA"]
[SourceTitle "EXT 2023"]
[Source "ChessBase"]
[SourceDate "2022.10.05"]
[SourceVersion "1"]
[SourceVersionDate "2022.10.05"]
[SourceQuality "1"]

1. Nf3 Nf6 2. c4 c5 3. Nc3 Nc6 4. d4 cxd4 5. Nxd4 e6 6. Nc2 Be7 7. e4 0-0 8. Be2 b6 9. 0-0 Bb7 10. Be3 d6 11. f4 Rc8 12. Bf3 e5 13. b3 exf4 14. Bxf4 Ne8 15. Nd5 Ne5 16. Nd4 Nxf3+ 17. Qxf3 Bf6 18. Rad1 Bxd5 19. exd5 Qd7 20. Nc6 Nc7 21. Qg3 Ne8 22. Bh6 Kh8 23. Rxf6 gxf6 24. Bxf8 1-0

[Event "Titled Tuesday intern op 13th Sep Late"]
[Site "Chess.com INT"]
[Date "2022.09.13"]
[Round "3"]
[White "Hansen, Eric"]
[Black "Dev, Shah"]
[Result "1-0"]
[WhiteElo "2613"]
[BlackElo "2314"]
[PlyCount "91"]
[EventDate "2022.09.13"]
[EventType "swiss (blitz)"]
[EventRounds "11"]
[EventCountry "USA"]
[SourceTitle "EXT 2023"]
[Source "ChessBase"]
[SourceDate "2022.10.05"]
[SourceVersion "1"]
[SourceVersionDate "2022.10.05"]
[SourceQuality "1"]

1. d4 d5 2. c4 c6 3. Nf3 Nf6 4. Qc2 dxc4 5. Qxc4 Bf5 6. g3 Nbd7 7. Bg2 e6 8. 0-0 Be7 9. e3 0-0 10. Rd1 Be4 11. Nc3 Bd5 12. Qd3 Bxf3 13. Bxf3 e5 14. Bg2 exd4 15. Qxd4 Nb6 16. Qf4 Nbd5 17. Nxd5 Nxd5 18. Qc4 Nb6 19. Qc2 Qc7 20. e4 Rad8 21. Bf4 Bd6 22. Bg5 Be7 23. Bf4 Bd6 24. Be3 Qe7 25. f4 Nd7 26. Kh1 Bc7 27. e5 Bb6 28. Bd2 Nb8 29. a4 Na6 30. Bc3 Nb4 31. Qb3 a5 32. Be4 Rxd1+ 33. Rxd1 Rd8 34. Rxd8+ Qxd8 35. e6 fxe6 36. Qxe6+ Kh8 37. Qf7 Qg8 38. Qxb7 Bc5 39. Qc7 Bf8 40. Qe5 Qc4 41. Kg2 Qe2+ 42. Kh3 Qf1+ 43. Bg2 Qd3 44. Qe8 Qf5+ 45. Kh4 Nd5 46. Be4 1-0

[Event "Titled Tuesday intern op 13th Sep Late"]
[Site "Chess.com INT"]
[Date "2022.09.13"]
[Round "2"]
[White "Melkumyan, Hrant"]
[Black "Dev, Shah"]
[Result "0-1"]
[WhiteElo "2645"]
[BlackElo "2314"]
[PlyCount "118"]
[EventDate "2022.09.13"]
[EventType "swiss (blitz)"]
[EventRounds "11"]
[EventCountry "USA"]
[SourceTitle "EXT 2023"]
[Source "ChessBase"]
[SourceDate "2022.10.05"]
[SourceVersion "1"]
[SourceVersionDate "2022.10.05"]
[SourceQuality "1"]

1. d4 d5 2. c4 dxc4 3. Nf3 Nf6 4. e3 e6 5. Bxc4 c5 6. 0-0 a6 7. b3 cxd4 8. Nxd4 Be7 9. Bb2 0-0 10. Nd2 b5 11. Be2 Bb7 12. Bf3 Qd7 13. a4 e5 14. Bxb7 Qxb7 15. Nf5 Nc6 16. Qf3 Bb4 17. Ne4 Nxe4 18. Qxe4 Rfe8 19. Rfc1 Rac8 20. axb5 axb5 21. h4 Bf8 22. h5 Qd7 23. Bc3 Qe6 24. Ra6 Qd7 25. Be1 Ne7 26. Nxe7+ Qxe7 27. Rca1 Qg5 28. h6 g6 29. Ra7 Bxh6 30. Qd5 Qf6 31. R1a6 Qf5 32. Ra1 Qe6 33. Qxb5 Rb8 34. Qa4 Qxb3 35. Qd7 Qe6 36. Qd1 Rbd8 37. Qf3 Rd7 38. R1a6 Rxa7 39. Rxe6 Rxe6 40. Bc3 e4 41. Qg3 Rae7 42. Qb8+ Re8 43. Qb5 Bg7 44. Bb4 Bf8 45. Bc3 Bg7 46. Ba5 Re5 47. Qc6 R8e6 48. Qc8+ Re8 49. Qc6 R8e6 50. Qc7 Re7 51. Qb6 R7e6 52. Qb8+ Re8 53. Qc7 R8e7 54. Qd8+ Re8 55. Qd2 Ra8 56. Bb4 Ra1+ 57. Kh2 Rh5+ 58. Kg3 Be5+ 59. Kg4 f5# 0-1

[Event "Budapest FS09 IM"]
[Site "Budapest"]
[Date "2022.09.13"]
[Round "11"]
[White "O'Gorman, Tom"]
[Black "Dev, Shah"]
[Result "1-0"]
[WhiteElo "2385"]
[BlackElo "2314"]
[PlyCount "107"]
[EventDate "2022.09.03"]
[EventType "tourn"]
[EventRounds "11"]
[EventCountry "HUN"]
[EventCategory "2"]
[SourceTitle "CBM 210 Extra"]
[Source "ChessBase"]
[SourceDate "2022.11.30"]
[SourceVersion "1"]
[SourceVersionDate "2022.11.30"]
[SourceQuality "1"]

1. d4 d5 2. c4 c6 3. cxd5 cxd5 4. Nc3 Nf6 5. Bf4 Nc6 6. e3 a6 7. Bd3 Bg4 8. Nge2 e6 9. 0-0 Bd6 10. Bg5 Bh5 11. h3 Bg6 12. f4 Bxd3 13. Qxd3 0-0 14. f5 Be7 15. Nf4 Qd7 16. Bxf6 Bxf6 17. Na4 Qd6 18. fxe6 fxe6 19. Nc5 Rf7 20. Nh5 Raf8 21. Nxf6+ gxf6 22. Rac1 Rg7 23. Rf3 Kh8 24. Qa3 Rfg8 25. Rc2 Qe7 26. Nd3 Qf7 27. Rcf2 f5 28. Qd6 Rd8 29. Qf4 Rg6 30. Rc2 Qg7 31. b4 Rg8 32. Rff2 Rh6 33. Kf1 Qf6 34. a4 Rh4 35. Qd6 Re4 36. Rf3 Qg5 37. Re2 e5 38. dxe5 Rd8 39. Qe6 Nxb4 40. Rxf5 Qg7 41. Nf4 Nc6 42. Rf7 Qg6 43. Qf6+ Qxf6 44. exf6 d4 45. Rd2 Rxe3 46. Rxb7 Rf8 47. Nh5 Na5 48. Rd7 Nb3 49. Rc2 Rc3 50. Re2 Re3 51. Rxe3 dxe3 52. Ke2 Re8 53. f7 Nc1+ 54. Kf3 1-0

[Event "Budapest FS09 IM"]
[Site "Budapest"]
[Date "2022.09.09"]
[Round "7"]
[White "Saypuri, Srithan"]
[Black "Dev, Shah"]
[Result "1/2-1/2"]
[WhiteElo "2199"]
[BlackElo "2314"]
[PlyCount "104"]
[EventDate "2022.09.03"]
[EventType "tourn"]
[EventRounds "11"]
[EventCountry "HUN"]
[EventCategory "2"]
[SourceTitle "CBM 210 Extra"]
[Source "ChessBase"]
[SourceDate "2022.11.30"]
[SourceVersion "1"]
[SourceVersionDate "2022.11.30"]
[SourceQuality "1"]

1. e4 e5 2. Nf3 Nc6 3. Bb5 a6 4. Ba4 Nf6 5. 0-0 b5 6. Bb3 Bc5 7. a4 Rb8 8. c3 d6 9. d4 Bb6 10. a5 Ba7 11. h3 Bb7 12. Be3 Ra8 13. dxe5 Nxe5 14. Nxe5 dxe5 15. Qxd8+ Kxd8 16. Bxa7 Rxa7 17. Bxf7 Nxe4 18. Bb3 Ke7 19. Bc2 Nd6 20. Re1 Kf6 21. Nd2 Rd8 22. Ne4+ Nxe4 23. Bxe4 Rd2 24. b4 c5 25. bxc5 Bxe4 26. Rxe4 Rc7 27. c4 Kf5 28. Rae1 Rxc5 29. cxb5 Rxb5 30. Rc4 Rxa5 31. Rc7 Kf6 32. Rc6+ Ke7 33. Rb6 Rd6 34. Rb7+ Rd7 35. Reb1 Rad5 36. Rxd7+ Rxd7 37. Ra1 Rd6 38. Ra5 Kf6 39. f3 h5 40. h4 Kf5 41. Kf2 Rb6 42. g3 Rb2+ 43. Kf1 Rb1+ 44. Kf2 Rb6 45. Ke2 g6 46. Ke3 Kf6 47. Ke4 Ke6 48. Ra4 Rc6 49. Ra5 Rd6 50. Ra3 Rd4+ 51. Ke3 Rd6 52. Ke4 Rd4+ 1/2-1/2

[Event "Budapest FS09 IM"]
[Site "Budapest"]
[Date "2022.09.07"]
[Round "5"]
[White "Szalay Ocsak, Bank"]
[Black "Dev, Shah"]
[Result "0-1"]
[WhiteElo "2129"]
[BlackElo "2314"]
[PlyCount "76"]
[EventDate "2022.09.03"]
[EventType "tourn"]
[EventRounds "11"]
[EventCountry "HUN"]
[EventCategory "2"]
[SourceTitle "CBM 210 Extra"]
[Source "ChessBase"]
[SourceDate "2022.11.30"]
[SourceVersion "1"]
[SourceVersionDate "2022.11.30"]
[SourceQuality "1"]

1. e4 e5 2. Nf3 Nc6 3. Nc3 Nf6 4. d4 exd4 5. Nxd4 Bb4 6. Nxc6 bxc6 7. Bd3 d5 8. Bd2 0-0 9. 0-0 Re8 10. Nxd5 Nxd5 11. exd5 Bxd2 12. Qxd2 cxd5 13. Rfe1 Be6 14. Rad1 Rb8 15. b3 c5 16. Be2 Qc7 17. Bf3 Red8 18. Qg5 Qa5 19. Qe5 d4 20. h4 Re8 21. Kh2 Rbd8 22. Qh5 h6 23. a4 Qc7+ 24. Qe5 Qc8 25. Qf4 Bf5 26. Bb7 Qd7 27. Bc6 Qxc6 28. Qxf5 g6 29. Qd3 Qf6 30. Qg3 Qf5 31. Qd3 Qxf2 32. Rxe8+ Rxe8 33. Qg3 Qxc2 34. Rf1 Qe2 35. Rc1 Qe5 36. b4 cxb4 37. Rc4 Qxg3+ 38. Kxg3 a5 0-1

[Event "Titled Tuesday intern op 06th Sep Late"]
[Site "Chess.com INT"]
[Date "2022.09.06"]
[Round "5"]
[White "Dev, Shah"]
[Black "Naroditsky, Daniel"]
[Result "0-1"]
[WhiteElo "2314"]
[BlackElo "2617"]
[PlyCount "41"]
[EventDate "2022.09.06"]
[EventType "swiss (blitz)"]
[EventRounds "11"]
[EventCountry "USA"]
[SourceTitle "EXT 2023"]
[Source "ChessBase"]
[SourceDate "2022.10.05"]
[SourceVersion "1"]
[SourceVersionDate "2022.10.05"]
[SourceQuality "1"]

1. d4 Nf6 2. c4 g6 3. Nc3 Bg7 4. e4 d6 5. Be2 0-0 6. Be3 Nc6 7. d5 Ne5 8. h3 e6 9. f4 Ned7 10. dxe6 fxe6 11. Nf3 Nh5 12. Qd2 e5 13. fxe5 Nxe5 14. Nxe5 Qh4+ 15. Kd1 Bxe5 16. Kc2 Be6 17. Rhf1 Nf4 18. Nd5 Nxe2 19. Qxe2 Qxe4+ 20. Qd3 Qxg2+ 21. Kb3 0-1

[Event "Titled Tuesday intern op 30th Aug Early"]
[Site "Chess.com INT"]
[Date "2022.08.30"]
[Round "4"]
[White "Dev, Shah"]
[Black "Ansh, M Shah"]
[Result "1-0"]
[WhiteElo "2297"]
[BlackElo "2177"]
[PlyCount "75"]
[EventDate "2022.08.30"]
[EventType "swiss (blitz)"]
[EventRounds "11"]
[EventCountry "USA"]
[SourceTitle "EXT 2023"]
[Source "ChessBase"]
[SourceDate "2022.10.05"]
[SourceVersion "1"]
[SourceVersionDate "2022.10.05"]
[SourceQuality "1"]

1. d4 Nf6 2. c4 e6 3. Nc3 d5 4. cxd5 exd5 5. Bg5 Be7 6. e3 0-0 7. Bd3 c6 8. Qc2 Nbd7 9. Nge2 Re8 10. f3 h6 11. Bh4 Nf8 12. 0-0 Ne6 13. Bf2 c5 14. Rad1 c4 15. Bf5 g6 16. Bh3 a6 17. e4 b5 18. e5 Nh5 19. Bxe6 Bxe6 20. g4 Ng7 21. Nf4 g5 22. Nxe6 Nxe6 23. Ne2 Kg7 24. Be3 f6 25. f4 gxf4 26. Nxf4 Nxf4 27. Bxf4 Qd7 28. Kh1 Rf8 29. Rde1 fxe5 30. Bxe5+ Bf6 31. Rxf6 Rxf6 32. Qd2 Raf8 33. g5 Qf5 34. gxf6+ Kh7 35. Rg1 Rg8 36. Rxg8 Kxg8 37. Qg2+ Kf7 38. Qg7+ 1-0

[Event "Titled Tuesday intern op 30th Aug Early"]
[Site "Chess.com INT"]
[Date "2022.08.30"]
[Round "8"]
[White "Dev, Shah"]
[Black "Putnam, Liam H"]
[Result "1-0"]
[WhiteElo "2297"]
[BlackElo "2204"]
[PlyCount "131"]
[EventDate "2022.08.30"]
[EventType "swiss (blitz)"]
[EventRounds "11"]
[EventCountry "USA"]
[SourceTitle "EXT 2023"]
[Source "ChessBase"]
[SourceDate "2022.10.05"]
[SourceVersion "1"]
[SourceVersionDate "2022.10.05"]
[SourceQuality "1"]

1. d4 Nf6 2. c4 g6 3. Nc3 Bg7 4. e4 d6 5. Be2 0-0 6. Be3 c5 7. Nf3 Nc6 8. h3 cxd4 9. Nxd4 Nxd4 10. Bxd4 Be6 11. 0-0 a5 12. b3 Nd7 13. Bxg7 Kxg7 14. Qd4+ Kg8 15. Nd5 Bxd5 16. exd5 Qb6 17. Qxb6 Nxb6 18. Bg4 f5 19. Bf3 Kf7 20. Rfe1 a4 21. g4 Nd7 22. gxf5 gxf5 23. Bh5+ Kf6 24. Re6+ Kg5 25. Rxe7 Nc5 26. b4 Nd3 27. Be2 Nf4 28. Bf1 b5 29. cxb5 Nxd5 30. Rxh7 Nxb4 31. a3 Nc2 32. Ra2 Nd4 33. b6 Rab8 34. Rb2 Nf3+ 35. Kh1 Rfe8 36. Be2 Nd4 37. Bd3 Re1+ 38. Kg2 Kf4 39. Rh4+ Ke5 40. f4+ Kd5 41. Rh5 Rg8+ 42. Kf2 Reg1 43. Rg5 R8xg5 44. fxg5 Rh1 45. Kg2 Rd1 46. b7 Nc6 47. Bxf5 Nb8 48. Rc2 Ke5 49. Rc8 Na6 50. Bg4 Rb1 51. Be2 Rb2 52. Kf1 Rb1+ 53. Kf2 Rb2 54. Kf3 Rxb7 55. Bxa6 Rb3+ 56. Kg4 Rxa3 57. g6 Kf6 58. Rg8 Ra1 59. Bd3 Rd1 60. Rf8+ Kg7 61. Rf7+ Kg8 62. Bf5 Rg1+ 63. Kh5 Rg3 64. Be6 a3 65. Rf3+ Kg7 66. Rxg3 1-0

[Event "Titled Tuesday intern op 30th Aug Early"]
[Site "Chess.com INT"]
[Date "2022.08.30"]
[Round "9"]
[White "Lorenzo de la Riva, Lazaro"]
[Black "Dev, Shah"]
[Result "1-0"]
[WhiteElo "2430"]
[BlackElo "2297"]
[PlyCount "87"]
[EventDate "2022.08.30"]
[EventType "swiss (blitz)"]
[EventRounds "11"]
[EventCountry "USA"]
[SourceTitle "EXT 2023"]
[Source "ChessBase"]
[SourceDate "2022.10.05"]
[SourceVersion "1"]
[SourceVersionDate "2022.10.05"]
[SourceQuality "1"]

1. Nf3 Nf6 2. b3 c5 3. Bb2 Nc6 4. g3 d5 5. Bg2 Bf5 6. 0-0 e6 7. d4 cxd4 8. Nxd4 Nxd4 9. Bxd4 Be7 10. c4 0-0 11. Nc3 dxc4 12. bxc4 Qc7 13. Qb3 Rfd8 14. Nb5 Qa5 15. Be5 Rd7 16. a4 Ne4 17. g4 Bg6 18. Qe3 Bc5 19. Qf4 Nd2 20. Bc3 Bb4 21. Bxb4 Qxb4 22. Rfc1 Rad8 23. h4 h6 24. h5 Bh7 25. e4 Nb3 26. Rab1 a6 27. Qe3 axb5 28. Rxb3 Qxa4 29. Rxb5 Rd1+ 30. Kh2 R1d3 31. Qf4 Qa6 32. Rcb1 R3d7 33. R1b2 Qc6 34. e5 Qa6 35. Rxb7 Rxb7 36. Rxb7 Rf8 37. Qd4 Bc2 38. c5 Qe2 39. c6 f5 40. exf6 Rxf6 41. c7 e5 42. Qd5+ Kh7 43. c8Q Qf3 44. Qxf3 1-0

[Event "Titled Tuesday intern op 30th Aug Early"]
[Site "Chess.com INT"]
[Date "2022.08.30"]
[Round "1"]
[White "Pourkashiyan, Atousa"]
[Black "Dev, Shah"]
[Result "0-1"]
[WhiteElo "2322"]
[BlackElo "2297"]
[PlyCount "68"]
[EventDate "2022.08.30"]
[EventType "swiss (blitz)"]
[EventRounds "11"]
[EventCountry "USA"]
[SourceTitle "EXT 2023"]
[Source "ChessBase"]
[SourceDate "2022.10.05"]
[SourceVersion "1"]
[SourceVersionDate "2022.10.05"]
[SourceQuality "1"]

1. e4 e5 2. Nf3 Nc6 3. Bc4 Nf6 4. d3 Bc5 5. 0-0 d6 6. h3 h6 7. c3 0-0 8. Nbd2 a5 9. a4 Bb6 10. Re1 Ne7 11. Nf1 Ng6 12. Ng3 Be6 13. Bb3 Re8 14. Bxe6 Rxe6 15. Nf5 d5 16. Qe2 Qd7 17. g4 Rae8 18. Kh1 Nh7 19. Rg1 Nf4 20. Bxf4 exf4 21. e5 Ng5 22. Nxg5 Rxe5 23. Ne4 dxe4 24. dxe4 Rxe4 25. Qf3 Qd2 26. Rg2 Qxb2 27. Rag1 Re2 28. g5 Rxf2 29. Rxf2 Qxf2 30. Qxf2 Bxf2 31. Rg2 Re1+ 32. Kh2 Bc5 33. gxh6 g6 34. Nd4 Bd6 0-1

[Event "Titled Tuesday intern op 09th Aug Early"]
[Site "Chess.com INT"]
[Date "2022.08.09"]
[Round "8"]
[White "Dev, Shah"]
[Black "Mathieu, Phileas"]
[Result "0-1"]
[WhiteElo "2297"]
[BlackElo "2320"]
[PlyCount "100"]
[EventDate "2022.08.09"]
[EventType "swiss (blitz)"]
[EventRounds "11"]
[EventCountry "USA"]
[SourceTitle "EXT 2023"]
[Source "ChessBase"]
[SourceDate "2022.10.05"]
[SourceVersion "1"]
[SourceVersionDate "2022.10.05"]
[SourceQuality "1"]

1. d4 Nf6 2. c4 c5 3. d5 b5 4. cxb5 a6 5. bxa6 g6 6. Nc3 Bg7 7. e4 0-0 8. a7 Rxa7 9. Nf3 e6 10. Be2 exd5 11. exd5 d6 12. 0-0 Ba6 13. Bxa6 Nxa6 14. Bf4 Re8 15. Nb5 Rd7 16. a3 Ne4 17. Qa4 Nc7 18. Nxc7 Rxc7 19. Rae1 Rce7 20. Ng5 Nc3 21. bxc3 Rxe1 22. g3 Bxc3 23. Nf3 Rxf1+ 24. Kxf1 Be5 25. Nxe5 dxe5 26. Bg5 Qa8 27. Qc4 Qxa3 28. d6 Qa7 29. Qb5 Rf8 30. d7 Qa1+ 31. Kg2 Qd4 32. Be7 Qd5+ 33. Kg1 Ra8 34. d8Q+ Rxd8 35. Bxd8 Qxd8 36. Qxc5 Qf6 37. Qd5 Kg7 38. Kg2 h5 39. h4 Qf5 40. Qc5 Qe6 41. Qc3 Qd6 42. Kg1 Kf6 43. Qf3+ Ke6 44. Qb3+ Qd5 45. Qb6+ Kf5 46. Qb8 Kg4 47. Qc8+ f5 48. Qa6 Qf3 49. Qxg6+ Kh3 50. Kf1 Qd1# 0-1

[Event "Titled Tuesday intern op 09th Aug Early"]
[Site "Chess.com INT"]
[Date "2022.08.09"]
[Round "1"]
[White "Dev, Shah"]
[Black "Orzech, Dominik"]
[Result "1-0"]
[WhiteElo "2297"]
[BlackElo "2325"]
[PlyCount "81"]
[EventDate "2022.08.09"]
[EventType "swiss (blitz)"]
[EventRounds "11"]
[EventCountry "USA"]
[SourceTitle "EXT 2023"]
[Source "ChessBase"]
[SourceDate "2022.10.05"]
[SourceVersion "1"]
[SourceVersionDate "2022.10.05"]
[SourceQuality "1"]

1. d4 f6 2. e4 e6 3. c4 d5 4. cxd5 exd5 5. Qh5+ g6 6. Qxd5 Qe7 7. Nc3 Nc6 8. Bb5 Bd7 9. Be3 0-0-0 10. Qb3 Be6 11. d5 Bf7 12. Qa4 Nb4 13. Qxa7 c6 14. Qa8+ Kc7 15. Bf4+ Kb6 16. Be3+ Kc7 17. Qa5+ Kc8 18. dxc6 Nc2+ 19. Ke2 Nxa1 20. cxb7+ Qxb7 21. Ba6 Bc4+ 22. Bxc4 Bb4 23. Qa4 Kb8 24. Nb5 Ne7 25. Bf4+ Kc8 26. Be6+ Rd7 27. Qxb4 Kd8 28. Bxd7 Qxd7 29. Nf3 Nc2 30. Qc5 Ke8 31. Nd6+ Kf8 32. Qxc2 Kg7 33. Rd1 Qa7 34. Kf1 Ra8 35. e5 f5 36. Kg1 Qa6 37. e6 Qxa2 38. Qc3+ Kg8 39. Qf6 Nc6 40. Qf7+ Kh8 41. Ng5 1-0